000 00379nam a2200145Ia 4500
008 230917s9999||||xx |||||||||||||| ||und||
040 _e130134
_aMAIN
041 _aEnglish
082 _a810.9 S45R
100 _aSpiller, Robert E
245 0 _aRoots of national culture: Americal literature to 1830
260 _aNew York
_bMacMillan
_c1933
300 _a758 p.
942 _cBK
999 _c186267
_d186267